Minecraft Quiz: All Enchantments - Statistics

General Stats
  • This quiz has been taken 421 times
  • The average score is 26 of 39
Answer Stats
Answer % Correct
Unbreaking
92%
Protection
90%
Mending
88%
Sharpness
87%
Fire Aspect
81%
Flame
81%
Blast Protection
80%
Fire Protection
80%
Efficiency
78%
Fortune
77%
Power
77%
Infinity
76%
Smite
74%
Feather Falling
73%
Knockback
69%
Thorns
69%
Aqua Affinity
68%
Bane of Arthropods
68%
Projectile Protection
68%
Punch
68%
Silk Touch
67%
Soul Speed
64%
Frost Walker
62%
Looting
61%
Respiration
61%
Swift Sneak
61%
Depth Strider
60%
Multishot
59%
Channeling
58%
Loyalty
58%
Riptide
54%
Piercing
53%
Curse of Binding
52%
Curse of Vanishing
52%
Luck of the Sea
49%
Sweeping Edge
47%
Impaling
46%
Lure
43%
Quick Charge
37%
No matching quizzes found
Score Distribution
Percent of People with Each Score
Percentile by Number Answered
Your Score History
You have not taken this quiz